| 000 | 00479cam a22001097a 4500 | ||
|---|---|---|---|
| 008 | 180718b1979 xxu||||| |||| 00| 0 eng d | ||
| 082 | _aT315 Un3f | ||
| 245 |
_aFirst draft of a model law or laws on restrictiove business practices to assist developing countries in devising appropriate legislation _cby United Nations Conference on Trade and Development |
||
| 260 |
_aNew York _bUnited Nations _c1979 |
||
| 300 | _a19+p. | ||
| 700 | _aUnited Nations Conference on Trade and Development | ||
| 999 |
_c497910 _d497910 |
||